000 00379nam a22001577a 4500
003 MPLRDC
005 20220104143118.0
008 210129b ||||| |||| 00| 0 eng d
082 _a738.6 LBY
100 _a鲁白野
245 _a马来亚
_c
260 _a
_b星洲世界书局有限公司
_c
300 _b
650 _a东南亚--马来西亚
942 _cBK
_o738.6 LBY
999 _c36732
_d36722